| 000 | 01335nam0a2200301 4500 | ||
|---|---|---|---|
| 001 | RU\NLR\bibl\1285779 | ||
| 005 | 20260407064835.0 | ||
| 021 |
_aRU _b2008-66603 _93800 |
||
| 035 | _a(NLR Aleph) 001271503 | ||
| 090 |
_a442018 _c442018 |
||
| 100 | _a20081020d2008 |||y0rusy50 ca | ||
| 101 | 0 | _arus | |
| 102 | _aRU | ||
| 105 | _aa ||||||||| | ||
| 200 | 1 |
_aПодъемно-транспортное и складское оборудование _eкаталог _fКонцерн ПромСнабКомплект |
|
| 210 |
_a[Б. м. _cб. и. _d2008] _eтипография "Правда 1906" |
||
| 215 |
_a80 с. _cил. _d21 |
||
| 225 | 1 | _aБиблиотека главного инженера начальника отдела снабжения | |
| 313 | _aскладского оборудования нет | ||
| 606 | 1 |
_aПодъемно-транспортные машины _jКаталоги _92146686 _3RU\NLR\auth\661293243 |
|
| 606 | 1 |
_aПодъемно-транспортные механизмы _jКаталоги _9887694 _3RU\NLR\auth\66194 |
|
| 686 | _aО91я87 | ||
| 711 | 0 | 2 |
_a"ПромСнабКомплект", концерн _cСанкт-Петербург _3RU\NLR\AUTH\8810032246 _9563035 |
| 801 | 0 |
_aRU _bNLR _c20081020 _gRCR |
|
| 801 | 1 |
_aRU _bNLR _c20081020 |
|
| 942 | _cBOOK | ||
| 980 | _aNB | ||